Months of The Year in French - Statistics

General Stats
  • This quiz has been taken 44 times
  • The average score is 11 of 12
Answer Stats
English French % Correct
December décembre
93%
January janvier
93%
November novembre
93%
October octobre
93%
September septembre
93%
Febuary février
90%
May mai
90%
August août
87%
April avril
87%
March mars
87%
June juin
73%
July juillet
70%
No matching quizzes found
Score Distribution
Percent of People with Each Score
Percentile by Number Answered
Your Score History
You have not taken this quiz